| 000 | 01023nam a2200241Ia 4500 | ||
|---|---|---|---|
| 999 |
_c34408 _d34408 |
||
| 001 | 112 | ||
| 003 | GE_BSU | ||
| 005 | 20220825142422.0 | ||
| 008 | 181216s2008||||ge |||||||||||||| ||geo|| | ||
| 020 | _a9789994058051 | ||
| 040 | _cGE_BSU | ||
| 041 | _ageo | ||
| 080 | _a316(075.8) კ–19 | ||
| 100 |
_aკალჰუნი, ქრეგ _914550 |
||
| 245 |
_aსოციოლოგია= Sociology / _cქრეგ კალჰუნი, დონალდ ლაითი, სუზენ კელერი. |
||
| 264 |
_aთბილისი : _bი. ჭავჭავაძის უნ-ტის გამ-ბა, _c2008. |
||
| 300 |
_a895 გვ.; _b28 სმ. |
||
| 653 | _aსოციოლოგია | ||
| 700 |
_aლაითი, დონალდ. _eავტორი _914551 |
||
| 700 |
_aკელერი, სუზენ. _eავტორი _914552 |
||
| 856 |
_uhttps://library.iliauni.edu.ge/wp-content/uploads/2017/03/Sotsiologia.pdf _yელ. ვერსია. pdf |
||
| 942 |
_cBK _2udc |
||